| 000 | 00659nam a22002655a 4500 | ||
|---|---|---|---|
| 001 | 60212 | ||
| 003 | CO-BoRNBP | ||
| 005 | 20251216145832.0 | ||
| 007 | ta | ||
| 008 | 191007s g 000 0dspa d | ||
| 020 | _a9788445909836 | ||
| 040 |
_aCO-BoBLA _bspa _cCO-BoBLA |
||
| 084 | _aN ANO | ||
| 100 |
_aAnónimo _93691 |
||
| 245 | 1 | 4 |
_aLas 1001 noches / _cAnónimo. |
| 250 | _aPrimera edición | ||
| 264 |
_aBarcelona, España _bLexus _c2002 |
||
| 300 | _a603 p. | ||
| 336 |
_2rdacontent _atexto _btxt |
||
| 337 |
_2rdamedia _asin mediación _bn |
||
| 338 |
_2rdacarrier _avolumen _bnc |
||
| 650 | _2LEMB | ||
| 910 | _arechazado | ||
| 942 |
_2lcc _cBK |
||
| 999 |
_c60212 _d60212 |
||